LEADER 01654nam0-2200529---450- 001 990000046710203316 005 20000204 010 $a0-8218-2577-1 035 $a0004671 035 $aUSA010004671 035 $a(ALEPH)000004671USA01 035 $a0004671 100 $a20000204d1994----|||y0itay0103----ba 101 0 $aeng 105 $a||||m001yy 200 1 $aParabolic Anderson problem and intermittency$fRenâe A.Carmona, S.A. Molchanov 210 $aProvidence [etc.]$cAmerican Mathematical Society$dcopyr. 1994 215 $aVII, 125 p.$c25 cm 225 2 $aMemoirs of the American Society$v518 410 0$a12001$aMemoirs of the American Mathematical Society 610 $aEquazioni Differenziali parziali stocastiche 676 $a519.2 700 1$aCARMONA,$bRené A.$0149642 701 1$aMOLCHANOV,$bS.A.$060684 801 $aIT$bSALBC$gISBD 912 $a990000046710203316 951 $a519.2 CAR$b13475 Ing.$c519.2 CAR$dY 959 $aBK 979 $c20000914$lUSA01$h1721 979 $c20000919$lUSA01$h1047 979 $c20000919$lUSA01$h1520 979 $c20001019$lUSA01$h1054 979 $c20001019$lUSA01$h1452 979 $c20001019$lUSA01$h1459 979 $c20001019$lUSA01$h1537 979 $c20001024$lUSA01$h1513 979 $c20001027$lUSA01$h1517 979 $c20001027$lUSA01$h1522 979 $c20001110$lUSA01$h1709 979 $c20001124$lUSA01$h1206 979 $c20020403$lUSA01$h1612 979 $aPATRY$b90$c20040406$lUSA01$h1605 996 $aParabolic Anderson problem and intermittency$91518070 997 $aUNISA DB $aUSA01 SYS ID$a4671 bas $atec LEADER 01541nam0 22003493i 450 001 LO10103539 005 20251003044207.0 010 $a8842512303 100 $a20130827d1992 ||||0itac50 ba 101 | $aita 102 $ait 181 1$6z01$ai $bxxxe 182 1$6z01$an 183 1$6z01$anc$2RDAcarrier 200 1 $aEconomia marittima e geostrategia degli oceani$fAndre Vigarie$gpresentazione di Adalberto Vallega 210 $aMilano$cMursia$dc1992 215 $a272 p.$cc. geogr.$d24 cm 225 | $aBiblioteca del mare$v327$i. Scientifica$v5 410 0$1001CFI0093037$12001 $aBiblioteca del mare$i. Scientifica$v5 500 10$aEconomie maritime et geostrategie des oceans. -$3RAV0194852$9CFIV087203$91431030 676 $a333.916417$9OCEANI E MARI. Controllo d'uso$v19 676 $a387.5$9TRASPORTI MARITTIMI$v21 700 1$aVigarié$b, André$3CFIV087203$4070$0374836 702 1$aVallega$b, Adalberto$3CFIV032339 801 3$aIT$bIT-000000$c20130827 850 $aIT-BN0095 901 $bNAP 01$cPOZZO LIB.$nVi sono collocati fondi di economia, periodici di ingegneria e scienze, periodici di economia e statistica e altri fondi comprendenti documenti di economia pervenuti in dono. 912 $aLO10103539 950 0$aBiblioteca Centralizzata di Ateneo$c1 v.$d 01POZZO LIB.ECON MON 3188$e 0101 0000119585E VMA 1 v.$fB $h20210316$i20210316 977 $a 01 996 $aEconomie maritime et géostratégie des océans$91431030 997 $aUNISANNIO